| 000 | 01121nam a22003497a 4500 | ||
|---|---|---|---|
| 003 | CHAP | ||
| 005 | 20220329140047.0 | ||
| 008 | 971013s1980 r 00010 d | ||
| 010 | _a46391 | ||
| 011 | _a47363 | ||
| 035 | _a51505 | ||
| 040 | _cCHAP | ||
| 090 | _aTesis | ||
| 100 | 0 | 0 |
_aPérez García, José Luis. _989677 |
| 245 | _aDesventajas del ingreso de México al GATT | ||
| 260 |
_aMéxico, D.F. : _bEl autor, _c1980 |
||
| 300 |
_a169 h. _b: ilus. |
||
| 502 | _aTesis (Lic. en Economía) -- UNAM. Facultad de Economía | ||
| 590 |
_aALEPH _b10 _c20130110 _lUCH01 _h1316 |
||
| 590 |
_aBATCH-UPD _b10 _c20130110 _lUCH01 _h0144 |
||
| 590 |
_aBATCH-UPD _b10 _c20130110 _lUCH01 _h1236 |
||
| 590 |
_aBATCH-UPD _b10 _c20130409 _lUCH01 _h2143 |
||
| 590 |
_aBATCH-UPD _b10 _c20130410 _lUCH01 _h0804 |
||
| 590 |
_aBATCH-UPD _b10 _c20130914 _lUCH01 _h1015 |
||
| 590 |
_aCONVERSION _b10 _c20130109 _lUCH01 _h1325 |
||
| 650 | 1 | 4 |
_aComercio internacional. _925641 |
| 650 | 1 | 4 |
_aGATT. _947278 |
| 650 | 1 | 4 |
_aPolítica económica _zMéxico. _990535 |
| 901 | _aBK | ||
| 942 | _cTESIS | ||
| 949 |
_bBC _cTES _d-115160 _eTS1 _h18749 _i51505 _sb |
||
| 999 |
_c46391 _d46391 |
||